My Top 100 Songs of 2023 - Guess the Artist - Statistics

General Stats
  • This quiz has been taken 33 times
  • The average score is 49 of 100
Answer Stats
Song Title Artist % Correct
'tis the damn season | All of the Girls You Loved Before | Anti-Hero | +29 others Taylor Swift
97%
HOT TO GO! | Pink Pony Club Chappell Roan
90%
bad idea right? | vampire Olivia Rodrigo
74%
All My Love | Dial Drunk | Stick Season Noah Kahan
68%
National Anthem Lana Del Rey
65%
Silver Springs Fleetwood Mac
61%
Oxytocin Billie Eilish
52%
Nonsense | Read Your Mind Sabrina Carpenter
52%
Not Strong Enough | True Blue boygenius
48%
American Teenager Ethel Cain
48%
Nobody | The Only Heartbreaker | Washing Machine Heart Mitski
42%
Supercut Lorde
35%
Poison Poison | Pretty Girls | Snow Angel | Too Well Renee Rapp
35%
Let It Go Idina Menzel
29%
Happiness | I'm in Love With You | Oh Caroline | Wintering The 1975
29%
Bunny is a Rider | Welcome to My Island Caroline Polachek
26%
Let's Sort the Whole Thing Out | Psychedelic Switch | Shy Boy Carly Rae Jepsen
19%
Damage Gets Done Hozier & Brandi Carlile
19%
Waffle House Jonas Brothers
19%
In Summer Josh Gad
19%
What It Is Doechii
16%
Deceptacon Le Tigre
13%
Moving to New York | Ready for the High The Wombats
13%
When He Sees Me Waitress
13%
Touch-Tone Telephone Lemon Demon
10%
It's Called: Freefall Paris Paloma
10%
The Way You Love Me | This Kiss Faith Hill
6%
Shadows of the Night Pat Benatar
6%
Zydrate Anatomy Repo
6%
Cheerleader | Worms | You Make Me Sick! Ashnikko
3%
if i were a fish corook
3%
You Wish Flyana Boss
3%
Valley Winter Song Fountains of Wayne
3%
Equip Sunglasses | Featuring Mark Hoppus | Gans Media Retro Games Hot Mulligan
3%
Yosemite Iniko
3%
Baby Hotline | Buttercup Jack Stauber
3%
I'm Alright Jo Dee Messina
3%
AMERICAN GURL Kilo Kish
3%
My Love Leigh-Anne
3%
pl4yg1rl Lolo Zouai
3%
Her Megan Thee Stallion
3%
Tonight You Belong to Me Nancy Sinatra
3%
Irish Eyes Rose Betts
3%
I'm GOOD Snotty Nose Rez Kids
3%
Johnny Can't Decide Tick Tick Boom
3%
No matching quizzes found
Score Distribution
Percent of People with Each Score
Percentile by Number Answered
Your Score History
You have not taken this quiz